Table Tennis Players #1 - Men's Edition - Statistics

General Stats
  • This quiz has been taken 242 times
  • The average score is 7 of 10
Answer Stats
Hint Hint Answer % Correct
China 2 time Grand Slam. Also known as The Dragon or The Dictator. Ma Long
100%
China Little Fatty. Is currently ranked #1 in ITTF World Rankings. Fan Zhendong
86%
Germany Highest world ranking of number 1. Participated in 6 Olympics winning 2 Silvers and 2 Bronze. Timo Boll
85%
Brazil With a peak world ranking of number 3, he is the best Latin America player of all time. Hugo Calderano
80%
Japan Chop Block King. Koki Niwa
73%
Sweden 1st person to accomplish a Grand Slam.The only non-Chinese player to accomplish a Grand Slam. Jan-Ove Waldner
69%
Egypt He was the only African player that made the quarterfinals in the Tokyo Olympics. Omar Assar
59%
Japan He won a Mixed Doubles Olympic Gold Medal in Tokyo. Mizutani Jun
46%
China A Grand Slam winner. Was the head coach for China. Liu Guoliang
45%
Chinese Taipei He has represented Chinese Taipei in 5 Olympics. Chuang Chih-yuan
31%
No matching quizzes found
Score Distribution
Percent of People with Each Score
Percentile by Number Answered
Your Score History
You have not taken this quiz